Attack on Titan Last Words - Statistics

General Stats
  • This quiz has been taken 328 times
  • The average score is 11 of 17
Answer Stats
Hint Answer % Correct
"Meat..." Sasha Braus
95%
"Forget about me and be free" / "I'll be waiting in hell." Eren Yaeger
87%
"Titans truly are magnificent!" Hange Zoe
86%
"Retake Wall Maria, my son!" Grisha Yaeger
77%
"My soldiers, rage! My soldiers, scream! My soldiers, fight!" Erwin Smith
76%
"Keith Shadis. And you?" Keith Shadas
74%
"Theo Magath." Theo Magath
74%
"Everyone! Please save me! Annie! Reiner!" Bertholdt Hoover
71%
"Father, Uri, Frieda, wait for me... now..." Rod Reiss
67%
"We haven't even had a chance to talk this over!" Marco Bodt
64%
"What a beautiful day it is. I wish I had seen it earlier. I suppose... after all the killing I've done... that's too much to ask." Zeke Yaeger
63%
"I wanted to protect my brother. I'm sorry, Reiner! I'm sorry!" Marcel Galliard
59%
"Don't go..." Carla Yaeger
50%
"Please don't... everyone on the island will be killed... our devils are our only hope." Floch Froster
50%
"I was unfit to be a parent." Kenny Ackerman
49%
"Usurper, Eren Yeager. Do you have any last words?" Lara Tybur
46%
"There's no denying it now. I was always better than you." Porco Galliard
46%
No matching quizzes found
Score Distribution
Percent of People with Each Score
Percentile by Number Answered
Your Score History
You have not taken this quiz